<?xml version="1.0" encoding="UTF-8"?>
<marc:record xmlns:marc="http://www.loc.gov/MARC21/slim">
   <marc:leader>00000nam a2200000 a 4500</marc:leader>
   <marc:datafield ind1="0" ind2="0" tag="245">
      <marc:subfield code="a">S.O.S. Affenalarm</marc:subfield>
   </marc:datafield>
   <marc:datafield ind1="0" ind2="0" tag="245">
      <marc:subfield code="b">Lasst die Affen nicht purzeln!</marc:subfield>
   </marc:datafield>
   <marc:datafield ind1=" " ind2="1" tag="264">
      <marc:subfield code="b">Mattel</marc:subfield>
   </marc:datafield>
   <marc:datafield ind1="1" ind2=" " tag="520">
      <marc:subfield code="a">
Wer schafft es, die Äffchen in der Palme zu lassen, wo sie auch hingehören?

Ziehe die Stäbchen langsam und vorsichtig aus dem Baum! Sind die Affen verschoben und rutschen? Vorsicht! Dem Gegner sollen doch mehr Affen runterfallen!
</marc:subfield>
   </marc:datafield>
   <marc:datafield ind1="3" ind2=" " tag="024">
      <marc:subfield code="a">5011363525630</marc:subfield>
   </marc:datafield>
</marc:record>
